Dějiny anglické literatury 4. díl Od rozkvětu anglické renesance ke klasicismu (1560 - 1660)

Bibliographic Details
Main Author: Trnka, Bohumil, 1895-1984 (Author)
Format: Book
Language:English
PhysicalDescription:232 s.
Published: Praha Státní pedagogické nakladatelství 1965
Edition:2. přeprac. vyd.

MARC

LEADER 00000nam a2200000 a 4500
001 vtls009623160
003 SK-MaSNL
005 20260301082359.0
008 240314 000 0 eng
040 |a SNK  |b slo  |c SNK  |e AACR2 
100 1 |a Trnka, Bohumil,  |d 1895-1984  |4 aut  |9 230114 
245 1 0 |a Dějiny anglické literatury  |n 4. díl  |p Od rozkvětu anglické renesance ke klasicismu (1560 - 1660)  |c Bohumil Trnka 
250 |a 2. přeprac. vyd. 
260 |a Praha  |b Státní pedagogické nakladatelství  |c 1965 
300 |a 232 s. 
999 |c 658366  |d 660296 
952 |a SNK  |b SNK  |y VYP  |7 0  |p 17A0621478  |o snkIB 14577/4 D1  |i snkKIP 8880/65  |3 rekatalogizácia  |0 0  |1 1  |4 0  |d 2009-07-01  |l 0  |r 2026-02-23 18:44:46  |w 2026-02-23